000 004420000a22001690004500
003 MACL
005 20151229155645.0
008 151229b xxu||||| |||| 00| 0 eng d
040 _aMACL
_cMACL
041 _aEnglish
082 _a294.5924/PRA
100 _aBhaktivedanta, A C
_924171
245 _aThe King of Knowledge
260 _bThe Bhaktivedanta Book Trust
_c1973
_aBombay
650 _aReligion
_924172
942 _cBK
_k294.592/PRA
_2ddc
999 _c36208
_d36208